| 000 | 00923nam a22002297a 4500 | ||
|---|---|---|---|
| 999 |
_c19777 _d19777 |
||
| 003 | AR-CdUCM | ||
| 008 | 190312b ||||| |||| 00| 0 spa d | ||
| 040 |
_aMUNICIPALIDAD PROVINCIAL DEL CUSCO _cBIBLIOTECA MUNICIPAL DEL CUSCO |
||
| 082 |
_a305.4 / _bP98 |
||
| 100 |
_aPulgar Tapia, Matilde _941352 |
||
| 245 |
_aMujer campesina y drogas : _bSituación de la mujer campesina y su actitud frente a la producción y consumo de drogas en el Huallaga, Pachitea y Ucayali / |
||
| 260 |
_aPerú : _bTito A. _c1995. |
||
| 300 |
_a52 páginas ; _c25 cm. |
||
| 505 | _aContenido : Caracterización geográfica del área -- Los cultivos ilegales de la coca -- Metodología... | ||
| 650 |
_aCultivo de coca _941353 |
||
| 650 |
_aMujer campesina _915991 |
||
| 650 |
_aConsumo de drogas _922446 |
||
| 700 |
_aTerrones Culqui, Maria A. _941354 |
||
| 700 |
_aAquino Yaringaño, Sabina _941355 |
||
| 942 |
_2ddc _cLIBROS |
||
| 945 | _arcc | ||